banner koha

Cadeia produtiva do trigo: diagnostico e demandas atuais no Parana (Registro n. 291461)

MARC details
000 -LÍDER
campo de controle de tamanho fixo 01236nac a22004217a 4500
001 - NÚMERO DE CONTROLE
campo de controle BR0100987
003 - IDENTIFICADOR DO NÚMERO DE CONTROLE
campo de controle BR-BrBNA
005 - DATA E HORÁRIO DA ÚLTIMA TRANSAÇÃO
campo de controle 20240105122524.0
008 - CAMPO DE DADOS FIXOS--INFORMAÇÃO GERAL
campo de controle de tamanho fixo 230509b bl.|||m| |||| 00| 0 por d
040 ## - FONTE DA CATALOGAÇÃO
Instituição da catalogação original BR-BrBNA
Idioma da catalogação por
Instituição que transcreveu o registro Biblioteca Nacional de Agricultura
072 ## - CÓDIGO DE CATEGORIA DE ASSUNTO
Código de Categoria de Assunto E16; E70
090 ## - NÚMERO DE CHAMADA LOCAL
Número de chamada 0180 BR0100987
100 1# - ENTRADA PRINCIPAL--NOME PESSOAL
Nome pessoal Bruns, C. de
100 1# - ENTRADA PRINCIPAL--NOME PESSOAL
Nome pessoal Digiovani, M.S.C.
100 1# - ENTRADA PRINCIPAL--NOME PESSOAL
Nome pessoal Brunetta, D.
100 1# - ENTRADA PRINCIPAL--NOME PESSOAL
Nome pessoal Riede, C.R.
100 1# - ENTRADA PRINCIPAL--NOME PESSOAL
Nome pessoal Araldi, A.
100 1# - ENTRADA PRINCIPAL--NOME PESSOAL
Nome pessoal Hubner, O.
110 1# - ENTRADA PRINCIPAL--NOME CORPORATIVO
Nome corporativo ou nome da jurisdição Instituto Agronomico do Parana, Londrina, PR (Brasil)
9 (RLIN) 5598
245 1# - TÍTULO
Título Cadeia produtiva do trigo: diagnostico e demandas atuais no Parana
260 3# - PUBLICAÇÃO, DISTRIBUIÇÃO, ETC.
Local de publicação, distribuição, etc. Londrina, PR (Brasil):
Data da publicação, distribuição, etc. 1999.
300 ## - DESCRIÇÃO FÍSICA
Extensão 158 p.
490 ## - TÍTULO DA SÉRIE
Título da série Documento - Instituto Agronomico do Parana (Brazil)
Número do volume ou designação sequencial da série no. 21
ISSN - International Standard Serial Number
500 ## - NOTA GERAL
Nota geral Bibliography 153-157; 61 tables
650 ## - ASSUNTO--TERMO TÓPICO
Cabeçalho tópico ou nome geográfico Trigo
650 ## - ASSUNTO--TERMO TÓPICO
Cabeçalho tópico ou nome geográfico Agribusiness
650 ## - ASSUNTO--TERMO TÓPICO
Cabeçalho tópico ou nome geográfico Estatistica de Producao
650 ## - ASSUNTO--TERMO TÓPICO
Cabeçalho tópico ou nome geográfico Semente
650 ## - ASSUNTO--TERMO TÓPICO
Cabeçalho tópico ou nome geográfico Armazenamento
650 ## - ASSUNTO--TERMO TÓPICO
Cabeçalho tópico ou nome geográfico Comercializacao
650 ## - ASSUNTO--TERMO TÓPICO
Cabeçalho tópico ou nome geográfico Custo de Producao
650 ## - ASSUNTO--TERMO TÓPICO
Cabeçalho tópico ou nome geográfico Qualidade
650 ## - ASSUNTO--TERMO TÓPICO
Cabeçalho tópico ou nome geográfico Pesquisa
650 ## - ASSUNTO--TERMO TÓPICO
Cabeçalho tópico ou nome geográfico Difusao de Tecnologia
650 ## - ASSUNTO--TERMO TÓPICO
Cabeçalho tópico ou nome geográfico Parana
909 ## -
-- 202312
-- Lúcia Elande
-- 55
-- Lúcia Elande
942 ## - ELEMENTOS DE ENTRADA ADICIONADOS (KOHA)
Fonte da classificação ou esquema de arquivamento na estante Classificação AGRIS
Ocultar no OPAC Não
Tipo de material Koha Monografia Seriada
Exemplares
Situação do descarte Fonte da classificação ou esquema de arquivamento na estante Situação física Não pode ser emprestado Coleção Biblioteca de origem Biblioteca atual Localização na estante Total de empréstimos Número de telefone completo Código de barras Data de último acesso Tipo de material Koha Fonte de aquisição
  Classificação AGRIS       Biblioteca Nacional de Agricultura - Binagri Biblioteca Nacional de Agricultura - Binagri Agrobase - Acervo Geral   0180 BR0100987 0180 BR0100987 18/12/2023 Monografia Seriada Portaria Interministerial nº 164/94

BINAGRI

Telefone: (61)3218-2567/2388/3357/2097 - binagri@agro.gov.br

Ministério da Agricultura e Pecuária , Esplanada dos Ministérios, Bloco D, Anexo B, Brasília/DF, CEP: 70.043-900